00628nam a22001817a 450000500170000001000150001702000260003203500140005803700090007208200120008110000240009324500750011725000180019226000580021027001270026830000280039570000230042320220204103404.0 aENG-131393 a9789390185597c695.00 aEN-114925 bDBAD a658.804 aHavaldar, Krishna K aB2B Marketing:bText and cases/cKrishna K Havaldar, Shailendra Dasari aFifth Edition aUttar PradeshbPearson India Education Servicesc2021 a15th Flooor, Tower-B, World Trade Tower, Plot No. 1, Block-C, Sector-16bNoidae201301mcompanysecretary.india@pearson.com a547p.bIndexc24cm(pbk) aDasari, Shailendra